000 01146nam0a22003011 4500
001 rc\3057989
005 20250810063148.0
035 _a(NLR Aleph) 007196975
090 _a7594408
_c7594408
100 _a20111013d1941 u y0rusy50 ca
101 0 _arus
102 _aRU
105 _aa z |||||
200 1 _aМатериалы по девонским рыбам СССР
210 _aМосква
_aЛенинград
_cИзд-во Акад. наук СССР
_d1941
_eТарту
215 _a48 с., 3 вкл. л. ил.
_cил.
_d26 см
225 1 _aТруды Палеонтологического института
_fАкад. наук СССР
_vт. 8, вып. 4
300 _aРезюме на англ. яз.
320 _aБиблиогр.: с. 20 и 44
700 1 _4070
_7ca
_8rus
_aОбручев
_bД. В.
_f1900-1970
_gДмитрий Владимирович
_9247156
_3RU\NLR\AUTH\770247212
801 0 _aRU
_bNLR
_gpsbo
801 1 _aRU
_bELAR
_2rusmarc
852 _aNLR
_jП7/122
942 _cBOOK
945 _aРоссийская национальная библиотека
980 _aNB
980 _aBV